| 000 | 00600nam a2200217Ia 4500 | ||
|---|---|---|---|
| 001 | 23313 | ||
| 003 | AR-BaAGN | ||
| 005 | 20231221133222.0 | ||
| 007 | ta | ||
| 008 | 211213s1898 ag |||||||||||||| ||spa d | ||
| 040 |
_dAR-BaAGN _aAR-BaAGN _bspa _eaacr |
||
| 100 |
_aLópez, Vicente Fidel, _d1815-1903 _96613 |
||
| 245 | 1 | 0 |
_aLas compañías extranjeras de seguros / _cVicente F. López |
| 260 |
_aBuenos Aires : _b[editor no identificado], _c1898. |
||
| 300 | _a29 páginas | ||
| 336 |
_2rdacontent _btxt |
||
| 337 |
_2rdamedia _bn |
||
| 338 |
_2rdacarrier _bnc |
||
| 942 | _cLIBRO | ||
| 999 |
_c23313 _d23313 |
||